banner koha

Reiki, trabalhando om energia: uma ampla introduçãoao Reiki e ao trabalho com processos energéticos / (Registro n. 8826)

MARC details
000 -LÍDER
campo de controle de tamanho fixo 01898nam a2200253 a 4500
001 - NÚMERO DE CONTROLE
campo de controle BS0003761
003 - IDENTIFICADOR DO NÚMERO DE CONTROLE
campo de controle BR-BrBNA
005 - DATA E HORÁRIO DA ÚLTIMA TRANSAÇÃO
campo de controle 20230418192415.0
008 - CAMPO DE DADOS FIXOS--INFORMAÇÃO GERAL
campo de controle de tamanho fixo 230308b |||||||| |||| 00| 0 por d
040 ## - FONTE DA CATALOGAÇÃO
Instituição da catalogação original BR-BrBNA
Idioma da catalogação por
Instituição que transcreveu o registro Biblioteca Nacional de Agricultura
041 ## - CÓDIGO DE IDIOMA
Código do idioma do texto/trilha sonora ou título diferente por
072 ## - CÓDIGO DE CATEGORIA DE ASSUNTO
Código de Categoria de Assunto B59
090 ## - NÚMERO DE CHAMADA LOCAL
Número de chamada B59 BS0003761
100 1# - ENTRADA PRINCIPAL--NOME PESSOAL
Nome pessoal Schulte, Stephan.
245 1# - TÍTULO
Título Reiki, trabalhando om energia: uma ampla introduçãoao Reiki e ao trabalho com processos energéticos /
260 3# - PUBLICAÇÃO, DISTRIBUIÇÃO, ETC.
Local de publicação, distribuição, etc. Blumenau, SC:
Nome do editor, distribuidor, etc. Eko,
Data da publicação, distribuição, etc. 1997.
300 ## - DESCRIÇÃO FÍSICA
Extensão 153 p.
500 ## - NOTA GERAL
Nota geral Título original: Reiki und Energiearbeit. Traduzido por Lidia Edith Heinen.<br/>
520 3# - NOTA DE RESUMO, ETC
Resumo, etc. Impor as mãos suavemente, deixar fluir a energia - e a cura acontece por si mesma. Isto é Reiki. Atualmente milhares de pessoas iniciam-se, em misteriosos rituais, para se tornarem capazes de canalizar a mais pura energia vital. E qualquer um pode aprender esta técnica. Através de iniciações em três níveis, alcança-se o grau de Mestre que, por sua vez, habilita a iniciar outras pessoas em Reiki e conduzi-las ao Mestrado. "Reiki - Trabalhando com Energia" informa rápida, mas abrangentemente, sobre a descoberta do Reiki e os rituais de iniciação, mostra as posições das mãos - as usuais e as especiais - e descreve a preparação e o decurso de uma sessão de Reiki. Stephan Schulte, ele próprio um Mestre em Reiki e terapeuta naturista, examina aqui, do ponto de vista de sua experiência pessoal, o que deve merecer atenção especial no trabalho com Reiki. Cada vez mais pessoas querem conhecer Reiki, tornar-se Mestres ou, simplesmente, usufruir do fluxo benéfico desta energia. Este livro pretende mostrar-lhes o que deve ser levado em conta, e quais os efeitos produzidos durante e depois do contato com Reiki.
650 ## - ASSUNTO--TERMO TÓPICO
Cabeçalho tópico ou nome geográfico RELIGIÃO
650 ## - ASSUNTO--TERMO TÓPICO
Cabeçalho tópico ou nome geográfico DOUTRINA
909 ## -
-- 202304
-- Sergio Santos
-- 56
-- Sergio Santos
942 ## - ELEMENTOS DE ENTRADA ADICIONADOS (KOHA)
Tipo de material Koha Livros
Exemplares
Situação do descarte Fonte da classificação ou esquema de arquivamento na estante Situação física Não pode ser emprestado Coleção Biblioteca de origem Biblioteca atual Total de empréstimos Número de telefone completo Código de barras Data de último acesso Número do exemplar Tipo de material Koha Situação das perdas Data de aquisição Fonte de aquisição Qualificador de local codificado
  Classificação AGRIS     Acervo Cultural Biblioteca Nacional de Agricultura - Binagri Biblioteca Nacional de Agricultura - Binagri   B59 BS0003761 B59 BS0003761 12/04/2023 01 Livros   2023-04-04 Doação B59

BINAGRI

Telefone: (61)3218-2567/2388/3357/2097 - binagri@agro.gov.br

Ministério da Agricultura e Pecuária , Esplanada dos Ministérios, Bloco D, Anexo B, Brasília/DF, CEP: 70.043-900